000 00672nam a2200241Ia 4500
003 OSt
005 20221007072318.0
006 a|||||r|||| 00| 0
007 ta
008 221006b |||||||| |||| 00| 0 eng d
024 _a1,740
037 _cReference Collections
040 _aFLL
_cFLL
_beng
041 _2eng
_aeng
082 _aZ1, J72:K7;1
100 _aSchwarzenberger Georg
_9121358
245 0 _aManual of international law
250 _a5th
260 _aLondon
_bStevens & Sons Limited UK
_c1967
650 _aInternational law
942 _hZ1, J72:K7;1
_cREF
_2CC
999 _c1145713
_d1145713